000 00722nam a22002057a 4500
003 OSt
005 20250710054618.0
008 250710b |||||||| |||| 00| 0 eng d
020 _a9789718614518
040 _aDWCL - Main lib
_cOC
082 _aFil. 510 G477 2014
100 _aGillesania, Diego Inicensio T.
245 _a Engineering mathematics, volume 1/
_cDiego Inicensio T. Gillesania
250 _aThird edition.
260 _aCebu City :
_b Gillesania Engineering Review and Training Center,
_cc2014.
300 _avi, 694 pages :
_billustrations ;
_c22 cm.
504 _aIncludes index.
650 _a1. Mathematics, Engineering--Problems, exercises, etc.
942 _2ddc
_cBK - FIL
_eThird edition.
_kFil.
_n0
999 _c3579
_d3579